|
|
|
|
| LEADER |
00000cam a2200000 7i4500 |
| 001 |
0000092240 |
| 005 |
20230829103948.0 |
| 020 |
|
|
|a 9789672769002 (
|q (paperback))
|
| 040 |
|
|
|e rda
|
| 041 |
|
|
|a Malay
|
| 090 |
0 |
0 |
|a 899.231
|b MAS
|
| 100 |
1 |
|
|a M.Ashikin ,
|e (author)
|
| 245 |
0 |
0 |
|a Lampu penyuluh nurani
|c M.Ashikin
|
| 264 |
|
1 |
|a Kuantan, Pahang :
|b Perbadanan Perpustakaan Awam Pahang
|c 2021
|
| 300 |
|
|
|a 64 pages ;
|c 21 cm.
|
| 336 |
|
|
|a text
|2 rdacontent
|
| 337 |
|
|
|a unmediated
|2 rdamedia
|
| 338 |
|
|
|a volume
|2 rdacarrier
|
| 490 |
1 |
|
|a Sayembara Penulisan Puisi DPMP 2020
|
| 541 |
|
|
|c Purchased on 2023
|f 0251 JI
|h RM30.00
|
| 650 |
|
0 |
|a Malay poetry
|
| 650 |
|
0 |
|a Poetry
|
| 650 |
|
0 |
|a Puisi
|
| 700 |
0 |
|
|a Judul
|
| 999 |
|
|
|a 0001734344
|b Book
|c Adult Collection
|e Cawangan AEON Kulaijaya
|
| 999 |
|
|
|a 0001734345
|b Book
|c Adult Collection
|e Cawangan Urban Transformation Centre
|
| 999 |
|
|
|a 0001734346
|b Book
|c Adult Collection
|e Perbadanan Perpustakaan Awam Johor
|
| 999 |
|
|
|a 0001734347
|b Book
|c Adult Collection
|e Cawangan Tmn. Ungku Tun Aminah
|
| 999 |
|
|
|a 0001734348
|b Book
|c Adult Collection
|e Cawangan Muar
|
| 999 |
|
|
|a 0001734349
|b Book
|c Adult Collection
|e Cawangan Mersing
|
| 999 |
|
|
|a 0001734350
|b Book
|c Adult Collection
|e Cawangan Bandar Penawar
|
| 999 |
|
|
|a 0001734351
|b Book
|c Adult Collection
|e Cawangan Batu Pahat
|
| 999 |
|
|
|a 0001734352
|b Book
|c Adult Collection
|e Cawangan Segamat
|
| 999 |
|
|
|a 0001734353
|b Book
|c Adult Collection
|e Cawangan Tangkak
|
| 999 |
|
|
|a 0001734354
|b Book
|c Adult Collection
|e Cawangan Sri Merlong
|
| 999 |
|
|
|a 0001734355
|b Book
|c Adult Collection
|e Cawangan Taman Sri Lambak
|
| 999 |
|
|
|a 0001734356
|b Book
|c Adult Collection
|e Cawangan Bandar Tenggara
|
| 999 |
|
|
|a 0001734357
|b Book
|c Adult Collection
|e Cawangan Kota Tinggi
|
| 999 |
|
|
|a 0001734358
|b Book
|c Adult Collection
|e Cawangan Bukit Gambir
|
| 999 |
|
|
|a 0001734359
|b Book
|c Adult Collection
|e Cawangan Pontian
|